000 01079cam a2200313 4500
999 _c529299
_d529299
001 3159585
003 NUST
005 20190924103216.0
008 711201s1970 dcua b 000 0 eng
010 _a 74607396
020 _a0309018889
038 _aMSOHAIL
040 _aDLC
_cDLC
_dDLC
050 0 0 _aTG335
_b.R55
082 0 0 _a624.253
_bCON
100 1 _aRiley, Orrin.
_921140
245 1 0 _aConcrete bridge deck durability.
260 _a[Washington]
_bHighway Research Board, National Research Council,
_c1970.
300 _a28 p.
_billus.
_c28 cm.
350 _a$2.20
440 0 _aSynthesis of highway practice ;
_v4
_921141
500 _a"Project 20-5 FY '68."
500 _a"Research sponsored by the American Association of State Highway Officials in cooperation with the Bureau of Public Roads."
504 _aIncludes bibliographical references.
650 0 _aConcrete bridges
_xFloors.
_921142
710 2 _aNational Research Council (U.S.).
_bHighway Research Board.
_920721
906 _a7
_bcbc
_corignew
_d2
_encip
_f19
_gy-gencatlg
942 _2ddc
_cBK